Wars Involving Pakistan - Statistics

General Stats
  • This quiz has been taken 23 times
  • The average score is 3 of 14
Answer Stats
Year Allies Enemies Result Answer % Correct
1971 None Bangladesh India Defeat Bangladesh Liberation War
53%
1999 None India Defeat Kargil War
53%
1979-1989 Mujaheddin AfghanistanSoviet Union Victory Soviet-Afghan War
53%
1947-1948 Furqan Force IndiaJammu & Kashmir Ceasefire 1st Indo-Pakistani War
40%
1965 None India Indecisive 2nd Indo-Pakistani War
33%
1996-2001 TalibanAl-Qaeda Northern Alliance Defeat Afghan Civil War
27%
1948 None Kalat Rebels Victory 1st Baluchistan Conflict
0%
1958-1959 None Kalat Rebels Victory 2nd Baluchistan Conflict
0%
1963-1969 None Kalat Rebels Victory 3rd Baluchistan Conflict
0%
1973-1978 None Baluchistan Victory 4th Baluchistan Conflict
0%
2004-Present None Baluchistan Ongoing 5th Baluchistan Conflict
0%
1960-1961 None Afghanistan Victory Bajaur Campaign
0%
2004-Present United States TalibanAl-Qaeda Islamic State Ongoing Insurgency in Khyber Pakhtunkhwa
0%
1984 None India Defeat Siachen Conflict
0%
No matching quizzes found
Score Distribution
Percent of People with Each Score
Percentile by Number Answered
Your Score History
You have not taken this quiz